Every Asian Flag - Sudden Death - Statistics

General Stats
  • This quiz has been taken 216,128 times
    201,191 since last reset
  • The average score is 25 of 48
Answers on the Grid
Answers color-coded by a green-red scale on the quiz's grid according to % correct below.
 
Answer Stats
Answer % Correct
South Korea
64%
Japan
64%
India
62%
Nepal
62%
North Korea
60%
China
60%
Vietnam
57%
Bangladesh
57%
Pakistan
57%
Bhutan
57%
Cambodia
57%
Saudi Arabia
57%
Sri Lanka
57%
Malaysia
56%
Israel
56%
Philippines
55%
Lebanon
55%
Kazakhstan
55%
Singapore
55%
Qatar
55%
Iran
55%
Afghanistan
54%
Thailand
54%
Mongolia
53%
Taiwan
53%
Iraq
53%
Turkey
52%
Laos
51%
Bahrain
51%
Georgia
50%
Uzbekistan
50%
Turkmenistan
49%
Azerbaijan
49%
Kyrgyzstan
48%
United Arab Emirates
48%
Kuwait
47%
Jordan
46%
Tajikistan
45%
Brunei
45%
Syria
44%
Indonesia
44%
Maldives
43%
Oman
43%
Yemen
43%
Myanmar
42%
Cyprus
41%
Armenia
40%
East Timor
35%
No matching quizzes found
Score Distribution
Percent of People with Each Score
Percentile by Number Answered
Your Score History
You have not taken this quiz since the last reset